ولايات سلطنة عُمان - Statistics

الإحصائيات العامة
  • هذا الإختبار تم الخضوع له 18 مره
  • الدرجة المتوسطة هي 29 من 63
إحصائيات الإجابة
الإجابة % صحيح
مسقط
100%
صلالة
82%
السيب
73%
صحار
73%
السويق
73%
نزوى
73%
سمائل
73%
قريات
64%
بركاء
64%
البريمي
64%
بهلاء
64%
مرباط
64%
ضلكوت
64%
مطرح
55%
صور
55%
وادي المعاول
55%
الرستاق
55%
صحم
55%
بدبد
55%
إبراء
45%
المضيبي
45%
سناو
45%
بوشر
45%
العامرات
45%
جعلان بني بوعلي
45%
جعلان بني بوحسن
45%
المصنعة
45%
الخابورة
45%
شناص
45%
الدقم
45%
هيماء
45%
عبري
45%
دبا
45%
إزكي
45%
ادم
45%
منح
45%
رخيوت
45%
ثمريت
45%
المزيونة
45%
بدية
36%
نخل
36%
العوابي
36%
لوى
36%
السنينة
36%
محوت
36%
خصب
36%
بخا
36%
الحمراء
36%
الجبل الاخضر
36%
طاقة
36%
مقشن
36%
شليم وجزر الحلانيات
36%
القابل
27%
وادي بني خالد
27%
دماء والطائين
27%
الكامل والوافي
27%
محضة
27%
الجازر
27%
ينقل
27%
ضنك
27%
مدحا
27%
سدح
27%
مصيرة
18%
No matching quizzes found
توزيع النقاط
نسبة الأشخاص لكل درجة
النسبة وفقا للأرقام
سجل النقاط الخاصة بك
لم تضخع لهذا الإختبار